NESCAC Members Quiz - Statistics

General Stats
  • This quiz has been taken 35 times
  • The average score is 10 of 11
Answer Stats
State Answer % Correct
ME Bates College
100%
ME Bowdoin College
100%
ME Colby College
100%
NY Hamilton College
96%
MA Amherst College
93%
MA Tufts University
93%
VT Middlebury College
89%
CT Trinity College
89%
MA Williams College
89%
CT Connecticut College
82%
CT Wesleyan University
75%
No matching quizzes found
Score Distribution
Percent of People with Each Score
Percentile by Number Answered
Your Score History
You have not taken this quiz